Postavenie zemného plynu v strategických zámeroch EÚ (vrátane SR) diplomová práca

Na minha lista:
Detalhes bibliográficos
Autor principal: Horanský, Filip
Autor Corporativo: Obchodná fakulta EU. Katedra medzinárodného obchodu
Outros Autores: Ružeková, Viera, 1957-
Formato: Livro
Idioma:eslovaco
Publicado em: Bratislava 2013
Tags: Adicionar Tag
Sem tags, seja o primeiro a adicionar uma tag!

MARC

LEADER 00000nbm a2200000 4500
001 0169454
005 20161109102305.2
041 0 |a slo 
044 |a SK 
245 1 0 |a Postavenie zemného plynu v strategických zámeroch EÚ (vrátane SR)  |b diplomová práca  |c Filip Horanský ; školiteľ: Viera Ružeková 
264 1 |a Bratislava  |c 2013 
300 |a 85 s. 
100 1 |a Horanský, Filip 
700 1 |a Ružeková, Viera, 1957- 
710 2 |a Obchodná fakulta EU. Katedra medzinárodného obchodu